[Event "BCF-chT 2122 (4NCL)"]
[Site "England"]
[Date "2022.03.27"]
[Round "6.83"]
[White "Merriman, John"]
[Black "Swindells, Jonathan"]
[Result "1-0"]
[WhiteElo "2261"]
[BlackElo "2236"]
[PlyCount "96"]
[EventDate "2021.11.27"]
[EventType "team-swiss"]
[EventRounds "11"]
[EventCountry "ENG"]
[SourceTitle "EXT 2023"]
[Source "ChessBase"]
[SourceDate "2022.10.05"]
[SourceVersion "1"]
[SourceVersionDate "2022.10.05"]
[SourceQuality "1"]
[WhiteTeam "KJCA Kings"]
[BlackTeam "The ADS"]
[WhiteTeamCountry "ENG"]
[BlackTeamCountry "ENG"]

1. d4 Nf6 2. c4 g6 3. Nc3 Bg7 4. e4 d6 5. f3 0-0 6. Bg5 c5 7. d5 e6 8. Nge2 h6 9. Be3 exd5 10. cxd5 a6 11. a4 Re8 12. Qd2 h5 13. Nc1 Nbd7 14. Be2 Nh7 15. Nd3 Qe7 16. 0-0 f5 17. Nf2 h4 18. Bh6 Bxh6 19. Qxh6 Qg5 20. Qxg5 Nxg5 21. exf5 gxf5 22. f4 Ne4 23. Nfxe4 fxe4 24. f5 Nf6 25. Rf4 Kg7 26. Raf1 Re5 27. Rxh4 b5 28. axb5 axb5 29. Bxb5 Rxf5 30. Nxe4 Rxf1+ 31. Kxf1 Ra1+ 32. Kf2 Rb1 33. Nxd6 Rxb2+ 34. Kf3 Bg4+ 35. Kf4 Rxg2 36. Ne8+ Nxe8 37. Bxe8 Bc8 38. d6 Rd2 39. Ke5 Re2+ 40. Re4 Rxe4+ 41. Kxe4 Kf6 42. Kd5 Be6+ 43. Kxc5 Bf5 44. Kc6 Be4+ 45. Kc7 Bf5 46. Bd7 Bc2 47. Bg4 Ba4 48. Bf3 Ke5 1-0

[Event "BCF-chT1d 1718 (4NCL) Demotion pool"]
[Site "England"]
[Date "2018.05.05"]
[Round "9.83"]
[White "Swindells, Jonathan"]
[Black "Toma, Katarzyna"]
[Result "1/2-1/2"]
[WhiteElo "2223"]
[BlackElo "2258"]
[PlyCount "74"]
[EventDate "2017.11.11"]
[EventType "team-swiss"]
[EventRounds "11"]
[EventCountry "ENG"]
[SourceTitle "EXT 2019"]
[Source "ChessBase"]
[SourceDate "2018.10.10"]
[SourceVersion "1"]
[SourceVersionDate "2018.10.10"]
[SourceQuality "1"]
[WhiteTeam "The ADS"]
[BlackTeam "West is Best"]
[WhiteTeamCountry "ENG"]
[BlackTeamCountry "ENG"]

1. e4 c5 2. Nc3 Nc6 3. f4 g6 4. Nf3 Bg7 5. Bc4 e6 6. 0-0 Nge7 7. d3 0-0 8. a4 d5 9. Bb3 b6 10. Qe1 dxe4 11. dxe4 Ba6 12. Nb5 Bxb5 13. axb5 Nd4 14. Nxd4 Qxd4+ 15. Kh1 Rfd8 16. Qe2 Qd7 17. c3 Qb7 18. Bc2 Rd7 19. Ra4 Rad8 20. h3 Kh8 21. f5 exf5 22. exf5 Nxf5 23. Bxf5 gxf5 24. Qh5 Rd6 25. Rh4 h6 26. Qxf5 Rg6 27. Rg4 Rdd6 28. Qe4 Qd7 29. Rxg6 Rxg6 30. Qf5 Qxb5 31. Qxf7 Qc6 32. Qf3 Qxf3 33. Rxf3 Re6 34. Kg1 Kg8 35. Kf2 a6 36. Rf5 Bf8 37. Be3 Be7 1/2-1/2

[Event "BCF-chT1a 1718 (4NCL)"]
[Site "England"]
[Date "2018.01.14"]
[Round "4.32"]
[White "Sowray, Peter John"]
[Black "Swindells, Jonathan"]
[Result "1-0"]
[WhiteElo "2322"]
[BlackElo "2305"]
[PlyCount "101"]
[EventDate "2017.11.11"]
[EventType "team-swiss"]
[EventRounds "11"]
[EventCountry "ENG"]
[SourceTitle "EXT 2019"]
[Source "ChessBase"]
[SourceDate "2018.10.10"]
[SourceVersion "1"]
[SourceVersionDate "2018.10.10"]
[SourceQuality "1"]
[WhiteTeam "Barbican II"]
[BlackTeam "The ADS"]
[WhiteTeamCountry "ENG"]
[BlackTeamCountry "ENG"]

1. d4 Nf6 2. c4 g6 3. Nc3 Bg7 4. e4 d6 5. f3 0-0 6. Be3 c5 7. Nge2 Qa5 8. Nc1 cxd4 9. Nb3 Qh5 10. Nxd4 Nc6 11. Qd2 a6 12. Be2 Nxd4 13. Bxd4 Be6 14. 0-0 Rfc8 15. b3 Qa5 16. Rfd1 Nd7 17. Bxg7 Kxg7 18. Rac1 f6 19. Qe3 Qc5 20. Kf2 Rc7 21. f4 Rac8 22. Nd5 Bxd5 23. Rxd5 Qxe3+ 24. Kxe3 b5 25. Rd4 h5 26. Rcd1 b4 27. g3 Rc5 28. Bf1 g5 29. Be2 Nf8 30. Rd5 Kh6 31. Bf1 Ng6 32. Bh3 Rxd5 33. exd5 g4 34. Bf1 f5 35. Bd3 e6 36. dxe6 Ne7 37. Bf1 Rc6 38. Bg2 Rb6 39. Kd4 Kg7 40. Bd5 Kf6 41. Ra1 Nc6+ 42. Bxc6 Rxc6 43. Kd5 Rb6 44. h3 Rb8 45. hxg4 fxg4 46. Rh1 Rh8 47. Kxd6 h4 48. Rxh4 Rxh4 49. gxh4 g3 50. e7 g2 51. e8Q 1-0

[Event "BCF-chT2 1617 (4NCL) Promotion pool"]
[Site "England"]
[Date "2017.04.30"]
[Round "10.43"]
[White "Swindells, Jonathan"]
[Black "Hill, Alistair"]
[Result "1/2-1/2"]
[WhiteElo "2312"]
[BlackElo "2209"]
[PlyCount "102"]
[EventDate "2016.11.19"]
[EventType "team-tourn"]
[EventRounds "11"]
[EventCountry "ENG"]
[SourceTitle "EXT 2019"]
[Source "ChessBase"]
[SourceDate "2018.10.10"]
[SourceVersion "1"]
[SourceVersionDate "2018.10.10"]
[SourceQuality "1"]
[WhiteTeam "The ADS"]
[BlackTeam "Cambridge University"]
[WhiteTeamCountry "ENG"]
[BlackTeamCountry "ENG"]

1. e4 c5 2. Nc3 Nc6 3. f4 e6 4. Nf3 d5 5. Bb5 Nge7 6. Qe2 d4 7. Nd1 a6 8. Bxc6+ Nxc6 9. 0-0 Be7 10. Nf2 f6 11. c3 0-0 12. b3 Bd7 13. Bb2 dxc3 14. dxc3 Qc7 15. Rad1 Rfd8 16. Bc1 b5 17. Be3 c4 18. b4 a5 19. a3 axb4 20. axb4 Ra3 21. Qe1 Be8 22. Ra1 Rda8 23. Rxa3 Rxa3 24. Qc1 Ra6 25. Qb2 Qb7 26. Ra1 Qa8 27. Rxa6 Qxa6 28. Nd4 Nxd4 29. Bxd4 Bc6 30. h3 Qa8 31. Qb1 h6 32. Qe1 Bb7 33. Qe3 Qc8 34. Qg3 Kh7 35. Kh2 Qd7 36. Qe3 Bd6 37. e5 Be7 38. exf6 gxf6 39. Ng4 Qd5 40. Qg3 Qf5 41. Ne3 Qg6 42. Qxg6+ Kxg6 43. Kg1 Bd6 44. g3 e5 45. fxe5 fxe5 46. Bb6 e4 47. Kf2 Be5 48. Bd4 Bxd4 49. cxd4 Bc8 50. h4 c3 51. Ke1 Be6 1/2-1/2

[Event "BCF-chT2d 1516 (4NCL) Demotion pool"]
[Site "England"]
[Date "2016.03.20"]
[Round "8.27"]
[White "Swindells, Jonathan"]
[Black "Fraser Mitchell, Jeremy N"]
[Result "1-0"]
[WhiteElo "2260"]
[BlackElo "2054"]
[PlyCount "69"]
[EventDate "2015.11.14"]
[EventType "team-tourn"]
[EventRounds "4"]
[EventCountry "ENG"]
[SourceTitle "EXT 2017"]
[Source "ChessBase"]
[SourceDate "2016.10.25"]
[SourceVersion "1"]
[SourceVersionDate "2016.10.25"]
[SourceQuality "1"]
[WhiteTeam "The ADS"]
[BlackTeam "MK Phoenix"]
[WhiteTeamCountry "ENG"]
[BlackTeamCountry "ENG"]

1. e4 e6 2. Qe2 c5 3. f4 Nc6 4. Nf3 Nge7 5. g3 d5 6. d3 g6 7. Bg2 Bg7 8. 0-0 0-0 9. Nc3 Rb8 10. Qf2 b6 11. g4 Nd4 12. Kh1 Nxf3 13. Bxf3 Bb7 14. Qg2 d4 15. Ne2 Qd7 16. f5 exf5 17. gxf5 Nc6 18. Bg4 Ne5 19. Bh3 Qc6 20. Bg5 Rfe8 21. Bf4 b5 22. Rf2 Rbd8 23. Raf1 c4 24. fxg6 fxg6 25. Bxe5 Bxe5 26. Nf4 Qd6 27. Qg5 Bc8 28. Bxc8 Rxc8 29. Nd5 Rcd8 30. Rf7 Rd7 31. Rxd7 Qxd7 32. Qxe5 Rxe5 33. Nf6+ Kg7 34. Nxd7 Rg5 35. e5 1-0

[Event "BCF-chT1d 1415 (4NCL) Demotion pool"]
[Site "England"]
[Date "2015.05.03"]
[Round "10.176"]
[White "Swindells, Jonathan"]
[Black "Cenal Gutierrez, Ruben"]
[Result "1/2-1/2"]
[WhiteElo "2155"]
[BlackElo "2290"]
[PlyCount "87"]
[EventDate "2014.11.15"]
[EventType "team-tourn"]
[EventRounds "4"]
[EventCountry "ENG"]
[SourceTitle "EXT 2023"]
[Source "ChessBase"]
[SourceDate "2022.10.05"]
[SourceVersion "1"]
[SourceVersionDate "2022.10.05"]
[SourceQuality "1"]
[WhiteTeam "The ADS"]
[BlackTeam "Hackney"]
[WhiteTeamCountry "ENG"]
[BlackTeamCountry "ENG"]

1. e4 c5 2. Nc3 a6 3. g3 b5 4. a4 b4 5. Nd5 Bb7 6. Bg2 e6 7. Ne3 Nf6 8. d3 d6 9. f4 Qc7 10. Qe2 Nc6 11. Nf3 Nd4 12. Qf2 b3 13. h3 bxc2 14. Nxd4 cxd4 15. Nxc2 e5 16. 0-0 Be7 17. Na3 0-0 18. Bd2 Rac8 19. Rfc1 Qb8 20. fxe5 dxe5 21. Nc4 Nd7 22. b4 Bc6 23. Rcb1 Nb6 24. b5 axb5 25. axb5 Bd7 26. Nxb6 Qxb6 27. Ra6 Qb7 28. Be1 Ra8 29. Qa2 Be6 30. Qa4 Rxa6 31. Qxa6 Rb8 32. Qxb7 Rxb7 33. b6 Kf8 34. g4 Bc5 35. Ba5 Ke7 36. Bf3 Kd6 37. Bd1 h5 38. Kg2 hxg4 39. hxg4 f6 40. Kg3 g6 41. Ba4 Rb8 42. b7 Bd7 43. Bd1 Bc6 44. Bd8 1/2-1/2

[Event "BCF-chT1d 1415 (4NCL) Demotion pool"]
[Site "England"]
[Date "2015.03.29"]
[Round "8.174"]
[White "Swindells, Jonathan"]
[Black "Chapman, Terry PD"]
[Result "1-0"]
[WhiteElo "2137"]
[BlackElo "2262"]
[PlyCount "43"]
[EventDate "2014.11.15"]
[EventType "team-tourn"]
[EventRounds "4"]
[EventCountry "ENG"]
[SourceTitle "EXT 2016"]
[Source "ChessBase"]
[SourceDate "2015.10.08"]
[SourceVersion "1"]
[SourceVersionDate "2015.10.08"]
[SourceQuality "1"]
[WhiteTeam "The ADS"]
[BlackTeam "Barbican II"]
[WhiteTeamCountry "ENG"]
[BlackTeamCountry "ENG"]

1. e4 c6 2. Nc3 d5 3. d3 e5 4. Nf3 Qd6 5. d4 exd4 6. Qxd4 dxe4 7. Nxe4 Qxd4 8. Nxd4 Nf6 9. Nxf6+ gxf6 10. Bf4 h5 11. Bd3 Nd7 12. 0-0-0 Bh6 13. Bxh6 Rxh6 14. Nf5 Rh8 15. Nd6+ Ke7 16. Bf5 Nb6 17. Nxc8+ Nxc8 18. Rhe1+ Kf8 19. Rd8+ Kg7 20. Rxh8 Kxh8 21. Re8+ Kg7 22. Rxc8 1-0

[Event "BCF-chT1a 1415 (4NCL)"]
[Site "England"]
[Date "2014.11.15"]
[Round "1.125"]
[White "Swindells, Jonathan"]
[Black "Griffiths, Ryan Rhys"]
[Result "0-1"]
[WhiteElo "2144"]
[BlackElo "2343"]
[PlyCount "168"]
[EventDate "2014.11.15"]
[EventType "team-swiss"]
[EventRounds "11"]
[EventCountry "ENG"]
[SourceTitle "EXT 2015"]
[Source "ChessBase"]
[SourceDate "2014.11.20"]
[SourceVersion "1"]
[SourceVersionDate "2014.11.20"]
[SourceQuality "1"]
[WhiteTeam "The ADS"]
[BlackTeam "Barbican"]
[WhiteTeamCountry "ENG"]
[BlackTeamCountry "ENG"]

1. e4 c5 2. Nc3 d6 3. f4 g6 4. Nf3 Bg7 5. Bb5+ Bd7 6. Bc4 Nc6 7. 0-0 e6 8. d3 Nge7 9. Qe1 Nd4 10. Nxd4 cxd4 11. Nd1 b5 12. Bb3 0-0 13. Bd2 Qb6 14. Qh4 Rae8 15. f5 exf5 16. Bg5 Nc6 17. exf5 Bxf5 18. Nf2 Re2 19. Ng4 Bxg4 20. Qxg4 Re5 21. Bf4 Rh5 22. Bxd6 Ne5 23. Bxe5 Bxe5 24. g3 Qd6 25. Rf2 Kg7 26. Qf3 Rf5 27. Qb7 Rxf2 28. Kxf2 Qb8 29. Qxb8 Rxb8 30. a4 b4 31. Re1 f6 32. Bc4 a5 33. Kf3 h5 34. h4 Re8 35. Re2 Re7 36. Bd5 f5 37. Kg2 Kf6 38. Bf3 Rg7 39. Kh3 Rg8 40. Bd5 Rc8 41. Kg2 Rc5 42. Bc4 Rc7 43. Kf3 Rg7 44. Rh2 Ke7 45. Re2 Kd6 46. Rh2 Ke7 47. Re2 Kf6 48. Rh2 g5 49. hxg5+ Kxg5 50. Rh1 Kh6 51. Rh3 Re7 52. Bd5 Bd6 53. Kf2 Rc7 54. Bc4 Kg6 55. b3 Kg5 56. Rh1 Rc5 57. Rh3 f4 58. gxf4+ Bxf4 59. Kf3 Re5 60. Rxh5+ Kxh5 61. Kxf4 Re2 62. Kf5 Kh4 63. Kf4 Kh5 64. Kf5 Kh6 65. Kf6 Rxc2 66. Bd5 Rc3 67. Ke5 Rxd3 68. Ke4 Rd1 69. Bc4 Kg5 70. Bd3 Kf6 71. Kxd4 Ke6 72. Kc4 Kd6 73. Be2 Re1 74. Bh5 Re4+ 75. Kd3 Rf4 76. Ke3 Ke5 77. Bg6 Rg4 78. Bf7 Rg3+ 79. Kf2 Rh3 80. Ke2 Kd4 81. Kd2 Rh2+ 82. Kc1 Kc3 83. Kb1 Rb2+ 84. Ka1 Rxb3 0-1

[Event "BCF-chT2b 1314 (4NCL)"]
[Site "England"]
[Date "2014.03.22"]
[Round "7.84"]
[White "Stewart, Ashley"]
[Black "Swindells, Jonathan"]
[Result "1/2-1/2"]
[WhiteElo "2077"]
[BlackElo "2164"]
[PlyCount "39"]
[EventDate "2013.11.16"]
[EventType "team-swiss"]
[EventRounds "11"]
[EventCountry "ENG"]
[SourceTitle "EXT 2015"]
[Source "ChessBase"]
[SourceDate "2014.11.20"]
[SourceVersion "1"]
[SourceVersionDate "2014.11.20"]
[SourceQuality "1"]
[WhiteTeam "Barbican Youth"]
[BlackTeam "The ADS"]
[WhiteTeamCountry "ENG"]
[BlackTeamCountry "ENG"]

1. c4 g6 2. Nc3 Bg7 3. g3 Nf6 4. Bg2 0-0 5. e4 d6 6. Nge2 e5 7. 0-0 Nc6 8. d3 Be6 9. Nd5 h6 10. h3 Kh7 11. Be3 Qd7 12. Kh2 Ng8 13. Qd2 Nd4 14. f4 Nxe2 15. Qxe2 c6 16. Nc3 f5 17. Rad1 exf4 18. gxf4 fxe4 19. Nxe4 Ne7 20. Ng3 1/2-1/2

[Event "BCF-chT2b 1314 (4NCL)"]
[Site "England"]
[Date "2014.02.16"]
[Round "6.64"]
[White "Swindells, Jonathan"]
[Black "Burnett, Jim"]
[Result "1-0"]
[WhiteElo "2158"]
[BlackElo "2148"]
[PlyCount "97"]
[EventDate "2013.11.16"]
[EventType "team-swiss"]
[EventRounds "11"]
[EventCountry "ENG"]
[SourceTitle "EXT 2015"]
[Source "ChessBase"]
[SourceDate "2014.11.20"]
[SourceVersion "1"]
[SourceVersionDate "2014.11.20"]
[SourceQuality "1"]
[WhiteTeam "The ADS"]
[BlackTeam "White Rose II"]
[WhiteTeamCountry "ENG"]
[BlackTeamCountry "ENG"]

1. e4 e6 2. Qe2 c5 3. f4 Be7 4. Nf3 d5 5. d3 Nc6 6. g3 Nf6 7. Bg2 0-0 8. 0-0 Rb8 9. Ne5 Qc7 10. Nxc6 Qxc6 11. c4 dxe4 12. dxe4 Qc7 13. Nc3 a6 14. b3 b6 15. e5 Nd7 16. Bb2 Bb7 17. Rad1 Bxg2 18. Kxg2 Rbd8 19. Ne4 Rfe8 20. Qg4 Nb8 21. Nf6+ Bxf6 22. exf6 g6 23. Qg5 Kh8 24. f5 exf5 25. Rxd8 Qxd8 26. Rxf5 Qd3 27. Re5 Qc2+ 28. Kh3 Rxe5 29. Qxe5 Qf5+ 30. Qxf5 gxf5 31. Bc1 h6 32. Bxh6 Kh7 33. Bf4 Nc6 34. Bc7 b5 35. Bd6 bxc4 36. bxc4 Na5 37. Bxc5 Nxc4 38. Kg2 Nd2 39. Bd4 Kg6 40. Kf2 Kh5 41. Ke3 Ne4 42. Kf3 Ng5+ 43. Kf4 Ne6+ 44. Ke5 Kg4 45. Be3 Nf8 46. Kd6 Ng6 47. Bf4 Kh3 48. Kd7 Kxh2 49. Ke8 1-0

[Event "BCF-chT2b 1314 (4NCL)"]
[Site "England"]
[Date "2014.01.12"]
[Round "4.64"]
[White "Swindells, Jonathan"]
[Black "Frostick, Clive A"]
[Result "1/2-1/2"]
[WhiteElo "2150"]
[BlackElo "2176"]
[PlyCount "43"]
[EventDate "2013.11.16"]
[EventType "team-swiss"]
[EventRounds "11"]
[EventCountry "ENG"]
[SourceTitle "EXT 2015"]
[Source "ChessBase"]
[SourceDate "2014.11.20"]
[SourceVersion "1"]
[SourceVersionDate "2014.11.20"]
[SourceQuality "1"]
[WhiteTeam "The ADS"]
[BlackTeam "BCM Dragons"]
[WhiteTeamCountry "ENG"]
[BlackTeamCountry "ENG"]

1. e4 c5 2. Nc3 e6 3. f4 d5 4. Bb5+ Bd7 5. Bxd7+ Qxd7 6. exd5 exd5 7. Qe2+ Be7 8. Nf3 Nc6 9. 0-0 f6 10. d4 0-0-0 11. dxc5 Bxc5+ 12. Kh1 Nh6 13. Qb5 Bb6 14. Na4 Qc7 15. Nxb6+ Qxb6 16. Qxb6 axb6 17. Bd2 Nf5 18. g4 Nd6 19. Bc3 h5 20. g5 Ne4 21. Bd4 Nxd4 22. Nxd4 1/2-1/2

[Event "BCF-chT2b 1314 (4NCL)"]
[Site "England"]
[Date "2013.11.16"]
[Round "1.65"]
[White "Swindells, Jonathan"]
[Black "Ociepka, Adrian"]
[Result "1-0"]
[WhiteElo "2142"]
[BlackElo "2165"]
[PlyCount "111"]
[EventDate "2013.11.16"]
[EventType "team-swiss"]
[EventRounds "11"]
[EventCountry "ENG"]
[SourceTitle "CBM 157 Extra"]
[Source "ChessBase"]
[SourceDate "2013.12.19"]
[SourceVersion "1"]
[SourceVersionDate "2013.12.19"]
[SourceQuality "1"]
[WhiteTeam "The ADS"]
[BlackTeam "Hackney"]
[WhiteTeamCountry "ENG"]
[BlackTeamCountry "ENG"]

1. e4 e5 2. Bc4 Nf6 3. d3 Bc5 4. Nf3 d6 5. c3 Nc6 6. Bb3 a6 7. Nbd2 Ba7 8. h3 0-0 9. Nf1 d5 10. Qe2 dxe4 11. dxe4 Nh5 12. Ng5 g6 13. g3 Qf6 14. Nf3 Na5 15. Bg5 Qg7 16. Bc2 Be6 17. N1d2 f6 18. Be3 Qf7 19. Bxa7 Rxa7 20. b4 Nc6 21. Bb3 Rd8 22. Rd1 Raa8 23. Bxe6 Qxe6 24. Qc4 Kf7 25. Ke2 Ng7 26. Qxe6+ Nxe6 27. a4 a5 28. b5 Ne7 29. Nb3 Ke8 30. Rxd8+ Kxd8 31. Nfd2 Nc8 32. Nc4 Nb6 33. Ncxa5 Nxa4 34. Ra1 Rxa5 35. Nxa5 Nxc3+ 36. Kd3 Nxb5 37. Nxb7+ Kd7 38. Ra8 h5 39. Rg8 g5 40. Rh8 Kc6 41. Nd8+ Nxd8 42. Rxd8 Kc5 43. Rf8 Kb4 44. Rxf6 c5 45. Rc6 Na7 46. Re6 c4+ 47. Kd2 Nb5 48. Rxe5 Nd4 49. Rd5 c3+ 50. Kd3 Nf3 51. Rd8 Ne1+ 52. Ke2 Nc2 53. e5 Kb3 54. e6 Kb2 55. e7 Nb4 56. e8Q 1-0

[Event "BCF-chT2b 1213 (4NCL)"]
[Site "England"]
[Date "2013.02.23"]
[Round "5.55"]
[White "Jaunooby, Ali Reza"]
[Black "Swindells, Jonathan"]
[Result "1-0"]
[WhiteElo "2189"]
[BlackElo "2167"]
[PlyCount "77"]
[EventDate "2012.11.03"]
[EventType "team-tourn"]
[EventRounds "7"]
[EventCountry "ENG"]
[SourceTitle "EXT 2014"]
[Source "ChessBase"]
[SourceDate "2013.11.20"]
[SourceVersion "1"]
[SourceVersionDate "2013.11.20"]
[SourceQuality "1"]
[WhiteTeam "3CS Oldham"]
[BlackTeam "The ADS"]
[WhiteTeamCountry "ENG"]
[BlackTeamCountry "ENG"]

1. d4 Nf6 2. c4 g6 3. g3 Bg7 4. Bg2 0-0 5. Nc3 d6 6. e3 c6 7. Nge2 e5 8. h3 Nbd7 9. b3 Re8 10. 0-0 e4 11. g4 h6 12. Qc2 d5 13. cxd5 cxd5 14. Nb5 Re6 15. Qc7 Qe8 16. Qg3 Rc6 17. Nc7 Qd8 18. Nxa8 Bf8 19. f4 b5 20. Bd2 Ba3 21. Qe1 Qe7 22. Ba5 b4 23. Nc7 a6 24. g5 hxg5 25. fxg5 Nh5 26. h4 Qd6 27. Qf2 f5 28. Nf4 Nxf4 29. Qxf4 Kf7 30. h5 Nf8 31. Nxd5 Qxd5 32. Bxe4 Qxa5 33. Bxc6 Ne6 34. hxg6+ Kxg6 35. Be8+ Kg7 36. Qh4 Qd5 37. Qh6+ Kg8 38. g6 Qb7 39. Rxf5 1-0

[Event "BCF-chT2b 1213 (4NCL)"]
[Site "England"]
[Date "2013.01.12"]
[Round "3.53"]
[White "Swindells, Jonathan"]
[Black "Berry, Neil"]
[Result "1/2-1/2"]
[WhiteElo "2167"]
[BlackElo "2255"]
[PlyCount "100"]
[EventDate "2012.11.03"]
[EventType "team-tourn"]
[EventRounds "7"]
[EventCountry "ENG"]
[SourceTitle "EXT 2014"]
[Source "ChessBase"]
[SourceDate "2013.11.20"]
[SourceVersion "1"]
[SourceVersionDate "2013.11.20"]
[SourceQuality "1"]
[WhiteTeam "The ADS"]
[BlackTeam "Barbican Youth"]
[WhiteTeamCountry "ENG"]
[BlackTeamCountry "ENG"]

1. e4 e6 2. d3 d5 3. Nd2 Nf6 4. Ngf3 Nc6 5. c3 Bd6 6. Qc2 e5 7. Be2 0-0 8. 0-0 a5 9. a4 b6 10. Re1 Bb7 11. Nf1 Ne7 12. Ng3 Ng6 13. Bf1 h6 14. Bd2 Qd7 15. Rad1 Rfe8 16. c4 dxe4 17. dxe4 Bc6 18. b3 Qc8 19. Bd3 Bc5 20. Nf5 Ng4 21. Re2 Ne7 22. Nxe7+ Rxe7 23. h3 Nf6 24. Bc3 Qe8 25. Qb2 Nd7 26. Nh4 Nf8 27. Nf5 Re6 28. Kh2 Ng6 29. g3 f6 30. Qc1 Ne7 31. Ne3 Rd6 32. Nd5 Rc8 33. Bd2 Bd7 34. Nxe7+ Qxe7 35. Be3 Bxe3 36. Rxe3 c5 37. Be2 Rd4 38. f3 Be6 39. Red3 Rcd8 40. Qe3 Rxd3 41. Rxd3 Rd4 42. g4 Qd6 43. Kg2 Kf7 44. Bf1 Rxd3 45. Qxd3 Qd4 46. Qxd4 cxd4 47. Kf2 Ke7 48. Ke1 Kd6 49. Kd2 Kc5 50. Be2 g5 1/2-1/2

[Event "BCF-chT2b 1213 (4NCL)"]
[Site "England"]
[Date "2012.11.04"]
[Round "2.53"]
[White "Swindells, Jonathan"]
[Black "Spivack, Simon"]
[Result "1/2-1/2"]
[WhiteElo "2167"]
[BlackElo "2192"]
[PlyCount "52"]
[EventDate "2012.11.03"]
[EventType "team-tourn"]
[EventRounds "7"]
[EventCountry "ENG"]
[SourceTitle "EXT 2014"]
[Source "ChessBase"]
[SourceDate "2013.11.20"]
[SourceVersion "1"]
[SourceVersionDate "2013.11.20"]
[SourceQuality "1"]
[WhiteTeam "The ADS"]
[BlackTeam "Kings Head"]
[WhiteTeamCountry "ENG"]
[BlackTeamCountry "ENG"]

1. e4 e6 2. d3 d5 3. Nd2 Nf6 4. Ngf3 b6 5. c3 c5 6. e5 Nfd7 7. d4 Be7 8. Bd3 Ba6 9. Bxa6 Nxa6 10. Qe2 Nc7 11. 0-0 0-0 12. b3 b5 13. dxc5 Nxc5 14. Nd4 Qd7 15. f4 f6 16. exf6 gxf6 17. Rf3 Rf7 18. Ba3 Re8 19. Rg3+ Kh8 20. Rf1 a6 21. Bb2 Rg8 22. Rxg8+ Kxg8 23. Rf3 Rg7 24. c4 dxc4 25. bxc4 bxc4 26. Qxc4 Qd5 1/2-1/2

[Event "BCF-chTd 1112 (4NCL)"]
[Site "England"]
[Date "2012.05.07"]
[Round "9.56"]
[White "Suarez Real, Alberto"]
[Black "Swindells, Jonathan"]
[Result "1-0"]
[WhiteElo "2395"]
[BlackElo "2178"]
[PlyCount "47"]
[EventDate "2011.11.12"]
[EventType "team-swiss"]
[EventRounds "11"]
[EventCountry "ENG"]
[SourceTitle "EXT 2013"]
[Source "ChessBase"]
[SourceDate "2012.11.22"]
[SourceVersion "1"]
[SourceVersionDate "2012.11.22"]
[SourceQuality "1"]
[WhiteTeam "Guildford II"]
[BlackTeam "The ADS"]
[WhiteTeamCountry "ENG"]
[BlackTeamCountry "ENG"]

1. e4 e5 2. Nf3 Nc6 3. d4 exd4 4. Nxd4 Nf6 5. Nxc6 bxc6 6. e5 Qe7 7. Qe2 Nd5 8. c4 Ba6 9. b3 g5 10. h4 Bg7 11. Bb2 Nf4 12. Qe3 Ng6 13. hxg5 Nxe5 14. Nc3 Ng6 15. Qxe7+ Nxe7 16. 0-0-0 f5 17. gxf6 Bxf6 18. Ne4 Bxb2+ 19. Kxb2 0-0-0 20. Nc5 Bb7 21. Bd3 h6 22. Rhe1 Ng8 23. Nxd7 Kxd7 24. Bf5# 1-0

[Event "BCF-chTa 1112 (4NCL)"]
[Site "England"]
[Date "2012.01.14"]
[Round "3.15"]
[White "Swindells, Jonathan"]
[Black "Speelman, Jonathan S"]
[Result "0-1"]
[WhiteElo "2178"]
[BlackElo "2507"]
[PlyCount "132"]
[EventDate "2011.11.12"]
[EventType "team-tourn"]
[EventRounds "7"]
[EventCountry "ENG"]
[SourceTitle "EXT 2013"]
[Source "ChessBase"]
[SourceDate "2012.11.22"]
[SourceVersion "1"]
[SourceVersionDate "2012.11.22"]
[SourceQuality "1"]
[WhiteTeam "The ADS"]
[BlackTeam "Wood Green Hilsmark"]
[WhiteTeamCountry "ENG"]
[BlackTeamCountry "ENG"]

1. e4 c6 2. d3 d5 3. Nd2 e5 4. Ngf3 Bd6 5. g3 Nf6 6. Bg2 0-0 7. 0-0 Re8 8. Nh4 Na6 9. Nb3 Be6 10. h3 Bf8 11. Be3 h6 12. Nf5 Bxf5 13. exf5 Qd7 14. g4 Nh7 15. c3 Be7 16. d4 e4 17. Nd2 Bg5 18. Re1 Qd8 19. Nf1 Nc7 20. Qd2 Bh4 21. Bf4 Nb5 22. Bg3 Nd6 23. Bxh4 Qxh4 24. Qf4 Nc4 25. Re2 h5 26. b3 Nb6 27. Rae1 Nd7 28. Re3 Ndf6 29. Nh2 hxg4 30. hxg4 Ng5 31. Qg3 Qxg3 32. Rxg3 Rec8 33. f3 exf3 34. Bxf3 Re8 35. Kf1 Rxe1+ 36. Kxe1 Re8+ 37. Be2 g6 38. Nf1 Kg7 39. Re3 Nfe4 40. fxg6 fxg6 41. Bd3 Rh8 42. Bxe4 Nxe4 43. Ng3 Nxg3 44. Rxg3 Kf6 45. Kf2 Kg5 46. Re3 Kxg4 47. Rg3+ Kf5 48. Rf3+ Ke6 49. Re3+ Kf6 50. Rf3+ Kg7 51. Re3 Rh2+ 52. Kg3 Rxa2 53. Re7+ Kf6 54. Rxb7 Rc2 55. c4 dxc4 56. b4 Ke6 57. Rxa7 Kd5 58. Rd7+ Ke4 59. Rd6 Rb2 60. Rxg6 Kxd4 61. Kf3 Rxb4 62. Rxc6 Kd3 63. Rd6+ Kc2 64. Rc6 c3 65. Ke3 Kb2 66. Kd3 Rb8 0-1